00819cam a2200217 a 4500020001500000040000800015082002600023245003700049260006400086300003300150490005600183650001800239650001900257700002100276700002700297856006300324856005500387942000700442999001700449952013500466 a0521328438 cDLC00a592 CAM 1988 A058 Or.00aNeurohormones in invertebrates / aCambridge ;aNew York :bCambridge University Press,c1988. aix, 318 p. :bill. ;c24 cm.1 aSeminar series / Society for Experimental Biology ; 0aInvertebrates 0aNeurohormones.1 aThorndyke, M. C.1 aGoldsworthy, Graham J.42uhttp://www.loc.gov/catdir/description/cam023/87015100.html41uhttp://www.loc.gov/catdir/toc/cam029/87015100.html cEK c14418d14418 0010406592_000000000000000_CAM_1988_A062_OR70966567aLBAbLBAcA058d2017-10-16o592 CAM 1988 A062 Or.pA14197r2017-10-16yEK